[Event "Irish Championship 2019"]
[Site "Dublin IRL"]
[Date "2019.08.03"]
[Round "1.1"]
[White "Melaugh, Shane"]
[Black "Collins, Sam"]
[Result "0-1"]
[BlackTitle "IM"]
[WhiteElo "2077"]
[BlackElo "2448"]
[WhiteICU "2108"]
[BlackICU "2422"]
[WhiteClub "Elm Mount"]
[BlackClub "Gonzaga"]
[WhiteNationality "IRL"]
[BlackNationality "IRL"]
[WhiteFideId "2509580"]
[BlackFideId "2501198"]
[PlyCount "96"]
[Venue "Talbot Hotel, Stillorgan"]
[EventDate "2019.08.03"]

{ Event information: <a
href="http://www.irlchess.com/pairings_irlch2019.html">Tournament
report</a>. }

1. e4 d6 2. d4 Nf6 3. Nc3 e5 4. dxe5 dxe5 5. Qxd8+ Kxd8 6. Bg5 Be6 7.
O-O-O+ Nd7 8. f4 exf4 9. Nge2 h6 10. Bxf6+ gxf6 11. Nxf4 Bd6 12. Nxe6+ fxe6
13. Bc4 Ke7 14. Nb5 Bf4+ 15. Kb1 c5 16. g3 Be5 17. Rd2 a6 18. Rhd1 Rad8 19.
Na3 h5 20. Bf1 b5 21. c3 h4 22. g4 Bf4 23. Rf2 Be3 24. Re2 Ne5 25. Rxd8
Rxd8 26. Kc2 Bg5 27. h3 Rd3 28. Nb1 Rf3 29. Bg2 Rg3 30. Nd2 Bxd2 31. Kxd2
Nd3 32. Re3 Rxe3 33. Kxe3 Nxb2 34. Bf1 e5 35. a3 c4 36. Kd2 Kf7 37. Be2 Kg6
38. g5 Kxg5 39. Bg4 Na4 40. Bc8 Nc5 41. Ke3 a5 42. Bf5 Na4 43. Kd2 Kf4 44.
Bd7 Nc5 45. Bxb5 Nxe4+ 46. Kc2 Nd6 47. Bd7 Ke3 48. Be6 f5 0-1

[Event "Irish Championship 2019"]
[Site "Dublin IRL"]
[Date "2019.08.03"]
[Round "1.2"]
[White "Baburin, Alexander"]
[Black "Carroll, Peter"]
[Result "1-0"]
[WhiteTitle "GM"]
[WhiteElo "2432"]
[BlackElo "2062"]
[WhiteICU "2396"]
[BlackICU "2035"]
[WhiteClub "Kilkenny"]
[BlackClub "Gonzaga"]
[WhiteNationality "IRL"]
[BlackNationality "IRL"]
[WhiteFideId "2500914"]
[BlackFideId "2510243"]
[PlyCount "57"]
[Venue "Talbot Hotel, Stillorgan"]
[EventDate "2019.08.03"]

{ Event information: <a
href="http://www.irlchess.com/pairings_irlch2019.html">Tournament
report</a>. }

1. d4 Nf6 2. c4 e6 3. Nc3 Bb4 4. Qc2 O-O 5. a3 Bxc3+ 6. Qxc3 d6 7. g3 Qe8
8. Nf3 a5 9. b3 a4 10. b4 b5 11. cxb5 Qxb5 12. Qxc7 Ba6 13. Qxd6 Qc4 14.
Qc5 Qb3 15. Nd2 Qd5 16. e4 Nxe4 17. Qxd5 exd5 18. Nxe4 dxe4 19. b5 Bb7 20.
Be3 Nd7 21. Rc1 Nb6 22. Kd2 Rac8 23. Be2 Bd5 24. Rc5 Nc4+ 25. Bxc4 Bxc4 26.
Rxc8 Rxc8 27. Rc1 Kf8 28. Rxc4 Rxc4 29. b6 1-0

[Event "Irish Championship 2019"]
[Site "Dublin IRL"]
[Date "2019.08.03"]
[Round "1.3"]
[White "Kennedy, John P. A."]
[Black "Lopez, Alex"]
[Result "0-1"]
[BlackTitle "IM"]
[WhiteElo "2050"]
[BlackElo "2431"]
[WhiteICU "1981"]
[BlackICU "2444"]
[WhiteClub "Dublin"]
[BlackClub "Cork"]
[WhiteNationality "IRL"]
[BlackNationality "IRL"]
[WhiteFideId "2501120"]
[BlackFideId "2501430"]
[PlyCount "66"]
[Venue "Talbot Hotel, Stillorgan"]
[EventDate "2019.08.03"]

{ Reference: Jim Olney, <em>Irish Examiner</em>, August 17, 2019 p. 55
(puzzle after W33). } { Event information: <a
href="http://www.irlchess.com/pairings_irlch2019.html">Tournament
report</a>. }

1. e4 c6 2. d4 d5 3. Nc3 dxe4 4. Nxe4 Nf6 5. Ng5 h6 6. N5h3 Bf5 7. Bc4 e6
8. Bf4 Nd5 9. Ne2 Nxf4 10. Nhxf4 Bd6 11. Qd2 Nd7 12. O-O-O Qc7 13. f3 b5
14. Bd3 Nb6 15. Bxf5 exf5 16. Kb1 Nc4 17. Qc1 O-O 18. g4 fxg4 19. Rdg1 Rae8
20. Rxg4 Ne3 21. Rh4 Qd8 22. Rh3 Bxf4 23. Nxf4 Qxd4 24. Nh5 Re6 25. Rg1 Rg6
26. Rhg3 Kh7 27. h3 Re8 28. Rxg6 fxg6 29. Ng3 Qf4 30. Qd2 Qxf3 31. Qd7 Rf8
32. Qd3 Nc4 33. Ne4 $2 Qxe4 $1 0-1

[Event "Irish Championship 2019"]
[Site "Dublin IRL"]
[Date "2019.08.03"]
[Round "1.5"]
[White "Butler, Kevin C."]
[Black "Fitzsimons, David"]
[Result "0-1"]
[BlackTitle "IM"]
[WhiteElo "2048"]
[BlackElo "2317"]
[WhiteICU "1966"]
[BlackICU "2348"]
[WhiteClub "Phibsboro"]
[BlackClub "Elm Mount"]
[WhiteNationality "IRL"]
[BlackNationality "IRL"]
[WhiteFideId "2501538"]
[BlackFideId "2501961"]
[PlyCount "90"]
[Venue "Talbot Hotel, Stillorgan"]
[EventDate "2019.08.03"]

{ Event information: <a
href="http://www.irlchess.com/pairings_irlch2019.html">Tournament
report</a>. }

1. e4 e6 2. d4 d5 3. Nc3 Nf6 4. Bg5 Be7 5. e5 Nfd7 6. Bxe7 Qxe7 7. f4 a6 8.
Nf3 Nb6 9. Bd3 c5 10. dxc5 Qxc5 11. Qd2 Bd7 12. Qf2 Qb4 13. O-O Qxb2 14.
Rab1 Qxc3 15. Qxb6 Bc6 16. f5 Nd7 17. Qc7 O-O 18. fxe6 fxe6 19. Qd6 Qc5+
20. Qxc5 Nxc5 21. Nd4 Rxf1+ 22. Kxf1 Rc8 23. Rb6 Nd7 24. Nxc6 Nxb6 25. Ne7+
Kf7 26. Nxc8 Nxc8 27. Kf2 Ne7 28. Ke3 Nc6 29. Kf4 h6 30. h4 Nb4 31. a3
Nxd3+ 32. cxd3 b5 33. h5 a5 34. Ke3 g6 35. g4 gxh5 36. gxh5 Ke7 37. Kd4 b4
38. a4 Kd7 39. Ke3 b3 40. Kd2 b2 41. Kc2 b1=Q+ 42. Kxb1 d4 43. Kb2 Kc6 44.
Kc2 Kc5 45. Kb3 Kd5 0-1

[Event "Irish Championship 2019"]
[Site "Dublin IRL"]
[Date "2019.08.03"]
[Round "1.6"]
[White "Murphy, Conor E."]
[Black "Haque, Muhtarim-Ul"]
[Result "1/2-1/2"]
[WhiteTitle "FM"]
[WhiteElo "2315"]
[BlackElo "2036"]
[WhiteICU "2354"]
[BlackICU "2031"]
[WhiteClub "Charlton ENG"]
[BlackClub "Rathmines"]
[WhiteNationality "IRL"]
[BlackNationality "IRL"]
[WhiteFideId "421669"]
[BlackFideId "2509415"]
[PlyCount "155"]
[Venue "Talbot Hotel, Stillorgan"]
[EventDate "2019.08.03"]

{ Event information: <a
href="http://www.irlchess.com/pairings_irlch2019.html">Tournament
report</a>. }

1. d4 Nf6 2. Nf3 d6 3. Nc3 Nbd7 4. e4 c6 5. a4 e5 6. Bc4 Be7 7. O-O O-O 8.
h3 a5 9. Re1 Re8 10. Ba2 h6 11. d5 Nf8 12. Qe2 Ng6 13. dxc6 bxc6 14. Qc4
Be6 15. Qxc6 Rc8 16. Qb5 Bxa2 17. Rxa2 Rc5 18. Qb3 Qa8 19. Be3 Rb8 20. Nb5
Rcc8 21. c4 Nxe4 22. Raa1 Ng5 23. Nxg5 hxg5 24. f3 e4 25. fxe4 Ne5 26. Rac1
g4 27. hxg4 Bh4 28. Rf1 Qxe4 29. Ba7 Rb7 30. Qh3 Be7 31. g5 Rxc4 32. Rxc4
Qxc4 33. b3 Qc6 34. Be3 Qd7 35. g6 Nxg6 36. Qf3 Ne5 37. Qd5 Rb8 38. Rc1 Qf5
39. Bd2 Qd3 40. Qxd3 Nxd3 41. Rb1 Nb4 42. Bxb4 axb4 43. Rc1 d5 44. Kf2 Kf8
45. Ke2 Bf6 46. Nc7 d4 47. a5 Rb7 48. a6 Ra7 49. Rc6 Ke7 50. Nb5 Ra8 51.
Kd3 Be5 52. a7 Kd7 53. Rb6 g5 54. g4 Kc8 55. Ke4 f6 56. Nxd4 Rxa7 57. Rxb4
Ra1 58. Nc6 Rf1 59. Kd5 Rd1+ 60. Ke4 Rf1 61. Rc4 Bc7 62. Ne7+ Kd7 63. Nd5
Be5 64. b4 Kd6 65. b5 Rg1 66. Rc6+ Kd7 67. Nb6+ Ke7 68. Nd5+ Kd7 69. Ne3
Rb1 70. Rc5 Rb4+ 71. Nc4 Bd6 72. Rc6 Be5 73. Kf5 Rxb5 74. Nxe5+ Rxe5+ 75.
Kxf6 Re4 76. Kf5 Rf4+ 77. Kxg5 Rxg4+ 78. Kxg4 1/2-1/2

[Event "Irish Championship 2019"]
[Site "Dublin IRL"]
[Date "2019.08.03"]
[Round "1.7"]
[White "Harding, Tim"]
[Black "O'Donnell, Conor"]
[Result "0-1"]
[WhiteTitle "CM"]
[BlackTitle "FM"]
[WhiteElo "2028"]
[BlackElo "2311"]
[WhiteICU "1973"]
[BlackICU "2298"]
[WhiteClub "T.C.D."]
[BlackClub "Gonzaga"]
[WhiteNationality "IRL"]
[BlackNationality "IRL"]
[WhiteFideId "2500256"]
[BlackFideId "2504243"]
[PlyCount "112"]
[Venue "Talbot Hotel, Stillorgan"]
[EventDate "2019.08.03"]

{ Event information: <a
href="http://www.irlchess.com/pairings_irlch2019.html">Tournament
report</a>. }

1. Nf3 c5 2. e3 g6 3. d4 Bg7 4. d5 b5 5. a4 b4 6. Nbd2 Nf6 7. Bc4 e6 8. e4
exd5 9. exd5 O-O 10. O-O d6 11. Re1 a5 12. Nf1 Nbd7 13. Bg5 Nb6 14. Bb5 Bd7
15. Qd2 Bxb5 16. axb5 Qd7 17. Bh6 Nbxd5 18. Bxg7 Kxg7 19. Ne3 Nxe3 20. Rxe3
d5 21. Ne5 Qxb5 22. g4 Rad8 23. Rh3 Ng8 24. g5 f6 25. gxf6+ Rxf6 26. Qg5
Rdf8 27. Qh4 h6 28. Re1 Rxf2 29. Qxf2 Rxf2 30. Kxf2 Nf6 31. Rf3 Ne4+ 32.
Ke3 Qe8 33. Rf7+ Kg8 34. Ref1 Nd6 35. Rf8+ Qxf8 36. Rxf8+ Kxf8 37. Nd7+ Ke7
38. Nxc5 Nc4+ 39. Kd4 Nxb2 40. Kxd5 Kf6 41. Nb3 a4 42. Nc1 Nd1 43. Kc4 Ne3+
44. Kxb4 Nxc2+ 45. Kxa4 Kg5 46. Nd3 Nd4 47. Ne1 Kg4 48. Kb4 g5 49. Ng2 Kh3
50. Ne3 h5 51. Kc4 Nf3 52. Kd5 Kxh2 53. Ke4 Kg3 54. Nf5+ Kf2 55. Ng7 h4 56.
Kf5 h3 0-1

[Event "Irish Championship 2019"]
[Site "Dublin IRL"]
[Date "2019.08.03"]
[Round "1.8"]
[White "Li, Henry"]
[Black "Melaugh, Gavin"]
[Result "1-0"]
[WhiteTitle "FM"]
[WhiteElo "2287"]
[BlackElo "2025"]
[WhiteICU "2248"]
[BlackICU "2102"]
[WhiteClub "Gonzaga"]
[BlackClub "T.C.D."]
[WhiteNationality "IRL"]
[BlackNationality "IRL"]
[WhiteFideId "2508524"]
[BlackFideId "2509571"]
[PlyCount "59"]
[Venue "Talbot Hotel, Stillorgan"]
[EventDate "2019.08.03"]

{ Event information: <a
href="http://www.irlchess.com/pairings_irlch2019.html">Tournament
report</a>. }

1. e4 e5 2. Nf3 Nf6 3. Nxe5 d6 4. Nf3 Nxe4 5. Nc3 Nxc3 6. dxc3 Be7 7. Be3
O-O 8. Qd2 Nd7 9. O-O-O c6 10. h3 d5 11. c4 Nf6 12. Qc3 a5 13. a4 Qd6 14.
c5 Qb8 15. Bd3 Nd7 16. Bd4 Bf6 17. Rhe1 Qf4+ 18. Rd2 Bxd4 19. Nxd4 Ne5 20.
Bf1 Re8 21. Kb1 Bd7 22. g3 Qh6 23. Rde2 Nc4 24. Rxe8+ Rxe8 25. Rxe8+ Bxe8
26. Bxc4 dxc4 27. Nf5 Qg5 28. Qe5 Kf8 29. Qd6+ Kg8 30. Ne7+ 1-0

[Event "Irish Championship 2019"]
[Site "Dublin IRL"]
[Date "2019.08.03"]
[Round "1.9"]
[White "Fox, Anthony"]
[Black "Brady, Stephen"]
[Result "1/2-1/2"]
[BlackTitle "FM"]
[WhiteElo "2020"]
[BlackElo "2282"]
[WhiteICU "1982"]
[BlackICU "2261"]
[WhiteClub "Dun Laoghaire"]
[BlackClub "St. Benildus"]
[WhiteNationality "IRL"]
[BlackNationality "IRL"]
[WhiteFideId "2500736"]
[BlackFideId "2500124"]
[PlyCount "163"]
[Venue "Talbot Hotel, Stillorgan"]
[EventDate "2019.08.03"]

{ Event information: <a
href="http://www.irlchess.com/pairings_irlch2019.html">Tournament
report</a>. }

1. e4 d6 2. d4 Nf6 3. Nc3 g6 4. Nf3 Bg7 5. Be2 O-O 6. O-O a6 7. a4 Nc6 8.
Re1 Bg4 9. Be3 e5 10. d5 Ne7 11. h3 Bd7 12. a5 Ne8 13. Qd2 f5 14. exf5 gxf5
15. Bh6 Ng6 16. Bxg7 Nxg7 17. Bf1 Qe7 18. Ra3 Rae8 19. Rb3 Bc8 20. Rb4 Kh8
21. Ne2 Qf6 22. Rc4 Re7 23. Rc3 Rg8 24. Rc4 Ne8 25. Kh2 Reg7 26. Qh6 e4 27.
Ng3 exf3 28. Nh5 Qf8 29. Nxg7 Qxg7 30. Qxg7+ Kxg7 31. gxf3 Kf8 32. b4 Ne5
33. Rc3 Rg7 34. Rd1 f4 35. Rd4 Rf7 36. b5 Ke7 37. Be2 Kd8 38. Rb3 Nd7 39.
bxa6 bxa6 40. c4 Ng7 41. Rb1 Nc5 42. Rb2 Rf6 43. Bf1 Nh5 44. Be2 Rf5 45.
Bd3 Nxd3 46. Rxd3 Nf6 47. Rd4 Nd7 48. Rb1 Ne5 49. Rb3 Ng6 50. Rb8 Re5 51.
Re4 Rxe4 52. fxe4 Ne5 53. Kg2 h5 54. h4 c5 55. dxc6 Kc7 56. Rb1 Kxc6 57. f3
Nxc4 58. Kf2 Be6 59. Rg1 Bf7 60. Rg5 Ne5 61. Rf5 Bg6 62. Rf6 $4 Be8 $4 (
62... Bxe4 $1 $19) 63. Ke2 Ng6 64. Rf5 Nxh4 65. Rxf4 Ng6 66. Rf5 h4 67. Kf2
Ne5 68. Rf8 Bd7 69. f4 Nc4 70. Rh8 Kc5 71. Rxh4 Kd4 72. e5 dxe5 73. fxe5+
Kd5 74. Rh6 Be6 75. Rh8 Nxe5 $10 76. Ra8 Nd3+ 77. Ke3 Nc5 78. Kd2 Kc4 79.
Ra7 Bc8 80. Rc7 Bd7 81. Rxc5+ $1 Kxc5 82. Kd3 1/2-1/2

[Event "Irish Championship 2019"]
[Site "Dublin IRL"]
[Date "2019.08.03"]
[Round "1.10"]
[White "Ryan, Joe"]
[Black "McCarthy, Tim"]
[Result "1-0"]
[WhiteTitle "FM"]
[WhiteElo "2268"]
[BlackElo "2018"]
[WhiteICU "2281"]
[BlackICU "1964"]
[BlackClub "St. Benildus"]
[WhiteNationality "IRL"]
[BlackNationality "IRL"]
[WhiteFideId "2500426"]
[BlackFideId "2500710"]
[PlyCount "47"]
[Venue "Talbot Hotel, Stillorgan"]
[EventDate "2019.08.03"]

{ Event information: <a
href="http://www.irlchess.com/pairings_irlch2019.html">Tournament
report</a>. }

1. e4 c5 2. Nf3 d6 3. Bb5+ Bd7 4. Bxd7+ Qxd7 5. c4 Nc6 6. d4 cxd4 7. Nxd4
g6 8. b3 Bg7 9. Bb2 Nf6 10. Nc3 O-O 11. O-O Rac8 12. Re1 Nxd4 13. Qxd4 b6
14. Qd2 Rfd8 15. Rad1 e6 16. Qe2 Qb7 17. Rd3 b5 18. Nxb5 d5 19. exd5 exd5
20. Red1 a6 21. Nc3 Re8 22. Qf3 Ne4 23. Rxd5 Qxd5 24. Rxd5 1-0

[Event "Irish Championship 2019"]
[Site "Dublin IRL"]
[Date "2019.08.03"]
[Round "1.11"]
[White "Mulligan, Scott"]
[Black "Delaney, Killian"]
[Result "1/2-1/2"]
[WhiteElo "1990"]
[BlackElo "2247"]
[WhiteICU "1987"]
[BlackICU "2214"]
[WhiteClub "U.C.D."]
[BlackClub "Gonzaga"]
[WhiteNationality "IRL"]
[BlackNationality "IRL"]
[WhiteFideId "2507498"]
[BlackFideId "2501570"]
[PlyCount "43"]
[Venue "Talbot Hotel, Stillorgan"]
[EventDate "2019.08.03"]

{ Event information: <a
href="http://www.irlchess.com/pairings_irlch2019.html">Tournament
report</a>. }

1. e4 c5 2. Nf3 Nf6 3. Nc3 d5 4. exd5 Nxd5 5. Bb5+ Bd7 6. Ne5 Nf6 7. Nxd7
Nbxd7 8. d4 a6 9. Bxd7+ Qxd7 10. dxc5 Qxd1+ 11. Nxd1 e6 12. Be3 Nd5 13. Bd4
O-O-O 14. Nc3 f6 15. Nxd5 Rxd5 16. O-O-O Bxc5 17. Bxc5 Rxc5 18. Rd6 e5 19.
Rhd1 Re8 20. f3 Rc6 21. Rd7 Rc5 22. R7d6 1/2-1/2

[Event "Irish Championship 2019"]
[Site "Dublin IRL"]
[Date "2019.08.03"]
[Round "1.12"]
[White "Kanyamarala, Trisha"]
[Black "Cafolla, Peter"]
[Result "1-0"]
[WhiteElo "2238"]
[BlackElo "1975"]
[WhiteICU "1990"]
[BlackICU "1959"]
[BlackClub "Rathmines"]
[WhiteNationality "IRL"]
[BlackNationality "IRL"]
[WhiteFideId "45004722"]
[BlackFideId "2500884"]
[PlyCount "57"]
[Venue "Talbot Hotel, Stillorgan"]
[EventDate "2019.08.03"]

{ Event information: <a
href="http://www.irlchess.com/pairings_irlch2019.html">Tournament
report</a>. }

1. d4 d5 2. c4 e6 3. Nf3 c5 4. cxd5 exd5 5. Nc3 Nc6 6. g3 Nf6 7. Bg2 Be7 8.
O-O O-O 9. dxc5 Bxc5 10. Na4 Be7 11. Be3 Bg4 12. Rc1 Rc8 13. Nc5 Bxf3 14.
Bxf3 b6 15. Nd3 Qd7 16. Nf4 Rfd8 17. Qb3 Na5 18. Qd3 Bc5 19. Rfd1 Bxe3 20.
Qxe3 Rxc1 21. Qxc1 Rc8 22. Qe3 Qa4 23. b3 Qxa2 24. Nxd5 Nxd5 25. Bxd5 Qa3
26. Qf4 Qf8 27. Qf5 Rb8 28. Qd7 a6 29. Qc7 1-0

[Event "Irish Championship 2019"]
[Site "Dublin IRL"]
[Date "2019.08.03"]
[Round "1.13"]
[White "Mirza, Diana"]
[Black "O'Gorman, Tom"]
[Result "1/2-1/2"]
[WhiteTitle "WFM"]
[BlackTitle "FM"]
[WhiteElo "1973"]
[BlackElo "2229"]
[WhiteICU "1986"]
[BlackICU "2208"]
[WhiteClub "St. Michaels"]
[BlackClub "Dun Laoghaire"]
[WhiteNationality "IRL"]
[BlackNationality "IRL"]
[WhiteFideId "2503999"]
[BlackFideId "2508249"]
[PlyCount "87"]
[Venue "Talbot Hotel, Stillorgan"]
[EventDate "2019.08.03"]

{ Event information: <a
href="http://www.irlchess.com/pairings_irlch2019.html">Tournament
report</a>. }

1. d4 Nf6 2. Nf3 g6 3. Nbd2 Bg7 4. e4 d6 5. Bd3 O-O 6. c3 Nc6 7. O-O e5 8.
Nb3 a5 9. a4 Re8 10. Re1 exd4 11. Nbxd4 Nd7 12. Bg5 Bf6 13. Bxf6 Qxf6 14.
Nb5 Qd8 15. Bb1 Nde5 16. Nfd4 Nxd4 17. cxd4 Nc6 18. Qc1 Bd7 19. Ra3 d5 20.
Rc3 Rc8 21. Qf4 dxe4 22. d5 Ne5 23. Bxe4 Bxb5 24. axb5 f5 25. Bc2 Nf3+ 26.
gxf3 Rxe1+ 27. Kg2 Re8 28. Bb3 Qd6 29. Qd4 Rcd8 $4 (29... h5 $19) 30. Rxc7
$1 $16 Qxc7 31. d6+ Qf7 32. Bxf7+ Kxf7 33. Qd5+ Kf6 34. Qxb7 Rxd6 35. Qc7
Ree6 36. Qxh7 Ke5 37. Qc7 Kd5 38. Qxa5 Rb6 39. Qb4 Red6 40. b3 Ke6 41. Qc4+
Kf6 42. Qc5 Re6 43. Qf8+ Ke5 44. Qc5+ 1/2-1/2

[Event "Irish Championship 2019"]
[Site "Dublin IRL"]
[Date "2019.08.03"]
[Round "1.14"]
[White "Daly, Colm"]
[Black "Flynn, Jacob"]
[Result "1-0"]
[WhiteTitle "FM"]
[WhiteElo "2213"]
[BlackElo "1973"]
[WhiteICU "2194"]
[BlackICU "2028"]
[WhiteClub "Bray/Greystones"]
[BlackClub "Malahide"]
[WhiteNationality "IRL"]
[BlackNationality "IRL"]
[WhiteFideId "2500434"]
[BlackFideId "2509393"]
[PlyCount "82"]
[Venue "Talbot Hotel, Stillorgan"]
[EventDate "2019.08.03"]

{ Event information: <a
href="http://www.irlchess.com/pairings_irlch2019.html">Tournament
report</a>. }

1. e4 d6 2. d4 Nf6 3. f3 d5 4. e5 Nfd7 5. f4 c5 6. c3 Nc6 7. Nf3 cxd4 8.
cxd4 Nb6 9. Nc3 Bg4 10. Be2 e6 11. O-O Be7 12. h3 Bxf3 13. Rxf3 f5 14. a3
O-O 15. g4 g6 16. Kg2 Kh8 17. g5 Kg7 18. h4 Rh8 19. Rh3 a6 20. Be3 Na5 21.
b3 Rc8 22. Bd2 Nc6 23. Be1 Qf8 24. Nb1 Na8 25. Bc3 Bd8 26. Ra2 Bb6 27. h5
Qe7 28. Kf1 Qc7 29. Rd2 Qb8 30. b4 Qa7 31. a4 Bc7 32. a5 Rce8 33. Ra2 Bd8
34. Na3 Nc7 35. b5 axb5 36. Nxb5 Nxb5 37. Bxb5 Be7 38. Rah2 Qa8 39. Kg2 Rd8
40. Qh1 Nb4 41. hxg6 hxg6 1-0

[Event "Irish Championship 2019"]
[Site "Dublin IRL"]
[Date "2019.08.03"]
[Round "1.15"]
[White "Lyons, Brendan"]
[Black "Moran, Stephen"]
[Result "0-1"]
[WhiteElo "1967"]
[BlackElo "2186"]
[WhiteICU "1898"]
[BlackICU "2151"]
[WhiteClub "St. Benildus"]
[BlackClub "T.C.D."]
[WhiteNationality "IRL"]
[BlackNationality "IRL"]
[WhiteFideId "2500698"]
[BlackFideId "2501872"]
[PlyCount "50"]
[Venue "Talbot Hotel, Stillorgan"]
[EventDate "2019.08.03"]

{ Event information: <a
href="http://www.irlchess.com/pairings_irlch2019.html">Tournament
report</a>. }

1. e4 e6 2. d3 d5 3. Qe2 Be7 4. Nf3 Nf6 5. e5 Nfd7 6. g3 b6 7. Bg2 Bb7 8.
O-O O-O 9. h4 c5 10. Bf4 Qc7 11. c4 d4 12. Nbd2 Nc6 13. Ne4 Ncxe5 14. Nxe5
Nxe5 15. Ng5 Bxg2 16. Bxe5 Qc6 17. Nxh7 Bf3 18. Qd2 Kxh7 19. g4 f6 20. Bg3
Rh8 21. Rfe1 e5 22. g5 Kg8 23. gxf6 Bxf6 24. Bxe5 Bxe5 25. Qg5 Bf6 0-1

[Event "Irish Championship 2019"]
[Site "Dublin IRL"]
[Date "2019.08.03"]
[Round "1.16"]
[White "Wallace, Paul"]
[Black "O'Gorman, Alice"]
[Result "1-0"]
[WhiteElo "2171"]
[BlackElo "1966"]
[WhiteICU "2159"]
[BlackICU "1869"]
[WhiteClub "Kilkenny"]
[BlackClub "T.C.D."]
[WhiteNationality "IRL"]
[BlackNationality "IRL"]
[WhiteFideId "2500892"]
[BlackFideId "2508214"]
[PlyCount "99"]
[Venue "Talbot Hotel, Stillorgan"]
[EventDate "2019.08.03"]

{ Event information: <a
href="http://www.irlchess.com/pairings_irlch2019.html">Tournament
report</a>. }

1. e4 e5 2. Nf3 Nf6 3. Nxe5 d6 4. Nf3 Nxe4 5. d4 d5 6. Bd3 Nc6 7. O-O Be7
8. c4 Nb4 9. Be2 Bf5 10. a3 Nc6 11. cxd5 Qxd5 12. Nc3 Nxc3 13. bxc3 Na5 14.
Ne5 Qb3 15. Qd2 Qc2 16. Qe3 Qe4 17. g4 Qxe3 18. Bxe3 Be6 19. f4 f6 20. f5
Bd5 21. Nd3 Bc4 22. Rfe1 O-O 23. Nf4 Bxe2 24. Rxe2 Bd6 25. Ne6 Rfe8 26. a4
b6 27. h3 Nc4 28. Kf2 Rac8 29. Kf3 Kf7 30. Bf4 Bxf4 31. Kxf4 Re7 32. Rb1 a5
33. Rbe1 Rce8 34. Ke4 g6 35. Kd3 Nd6 36. fxg6+ hxg6 37. d5 Rd7 38. c4 Rh8
39. Re3 Nb7 40. Kd4 c6 41. Rf1 cxd5 42. cxd5 Nd8 43. Kc4 Rd6 44. Ng5+ Kf8
45. Ne4 Rd7 46. Rxf6+ Nf7 47. Ng5 Kg7 48. Rxf7+ Rxf7 49. Nxf7 Kxf7 50. d6
1-0

[Event "Irish Championship 2019"]
[Site "Dublin IRL"]
[Date "2019.08.03"]
[Round "1.17"]
[White "Byrne, Alex"]
[Black "O'Connor, Jonathan"]
[Result "0-1"]
[WhiteElo "1963"]
[BlackElo "2165"]
[WhiteICU "1905"]
[BlackICU "2099"]
[WhiteClub "St. Benildus"]
[BlackClub "Dublin"]
[WhiteNationality "IRL"]
[BlackNationality "IRL"]
[WhiteFideId "2508788"]
[BlackFideId "2501112"]
[PlyCount "52"]
[Venue "Talbot Hotel, Stillorgan"]
[EventDate "2019.08.03"]

{ Event information: <a
href="http://www.irlchess.com/pairings_irlch2019.html">Tournament
report</a>. }

1. e4 e5 2. Nc3 Nf6 3. f4 d5 4. Nf3 exf4 5. e5 Nh5 6. d4 Bg4 7. Be2 g6 8.
O-O Bg7 9. Ne1 Bxe2 10. Nxe2 O-O 11. Nd3 c6 12. Nexf4 Nxf4 13. Bxf4 Na6 14.
Qg4 Nc7 15. Nc5 Qc8 16. Qxc8 Raxc8 17. Nxb7 Ne6 18. Rad1 Rb8 19. Na5 Rxb2
20. c4 Rc8 21. a3 Bf8 22. Bc1 Rc2 23. Nxc6 Rxc4 24. Nxa7 Rb8 25. a4 Rxa4
26. Nc6 Rc8 0-1

[Event "Irish Championship 2019"]
[Site "Dublin IRL"]
[Date "2019.08.03"]
[Round "1.18"]
[White "Kanyamarala, Tarun"]
[Black "Haque, Mustakim-Ul"]
[Result "1-0"]
[WhiteElo "2142"]
[BlackElo "1947"]
[WhiteICU "2110"]
[BlackICU "1918"]
[BlackClub "Rathmines"]
[WhiteNationality "IRL"]
[BlackNationality "IRL"]
[WhiteFideId "45004714"]
[BlackFideId "2509334"]
[PlyCount "75"]
[Venue "Talbot Hotel, Stillorgan"]
[EventDate "2019.08.03"]

{ Event information: <a
href="http://www.irlchess.com/pairings_irlch2019.html">Tournament
report</a>. }

1. d4 Nf6 2. c4 g6 3. Nc3 Bg7 4. e4 d6 5. Nf3 O-O 6. h3 e5 7. d5 Nh5 8. g3
Na6 9. Be3 f5 10. exf5 gxf5 11. Qd2 f4 12. gxf4 Nxf4 13. O-O-O Nb4 14. Rg1
Nbd3+ 15. Bxd3 Nxd3+ 16. Qxd3 Rxf3 17. Qe2 Rxh3 18. f4 Bf5 19. fxe5 dxe5
20. Bg5 Qe8 21. Nb5 Qf7 22. d6 cxd6 23. Nxd6 Qe6 24. Nxf5 Qxf5 25. Rdf1 Qd3
26. Qxd3 Rxd3 27. Bf6 Rd7 28. Rd1 Rf7 29. Bxe5 Raf8 30. Rg3 Kh8 31. Rxg7
Rxg7 32. Rd7 Rg8 33. Rxb7 h5 34. Kd2 a5 35. c5 h4 36. c6 h3 37. Rxg7 Rxg7
38. c7 1-0